000 00904cam a2200193 4500
001 WB3947-10
008 031210n2003 000 0 eng u
035 _a(Sirsi) u124592
245 _aProperty in poor areas profitable
260 _c2003
490 _aRegeneration and Renewal
_v5 December 2003 1(1)
520 _a'Investing in urban regeneration: dispelling the myths,' a new report, reveals that property investments in deprived areas have generated better long term returns than the market average. Between 1980 and 2001 totals for annual returns averaged 10.7% in the 20 most deprived wards which compared favourably with the 10.2% in the rest of England. A copy of the report is available from http://www.englishpartnerships.co.ukk.
590 _aWB
650 _aPROPERTY INVESTMENTS
650 _aREGENERATION
650 _aDEPRIVED AREAS
690 _aInvestments
_96250
942 _n0
999 _c73940
_d73940